000
00327nam a22001457a 4500
003
SGT
020
_a
978-1-4-557-4866-2
082
_a
617.97, O14C
100
_a
CHESTNUL, D. H.
245
_a
CHESTNUTS OBSTETRICS ANESTHESIA
260
_a
ELSEVIER
_b
DELHI
_c
2014
300
_a
1304
650
_a
ANESTHESIA
942
_2
ddc
_c
BK
999
_c
8655
_d
8655